Hungarian Grand Prix Winners (Formula 1) - Statistics

General Stats
  • This quiz has been taken 566 times
  • The average score is 26 of 29
Answer Stats
Year Winner % Correct
2007 Lewis Hamilton
99%
2009 Lewis Hamilton
99%
2012 Lewis Hamilton
99%
2013 Lewis Hamilton
99%
1994 Michael Schumacher
99%
1998 Michael Schumacher
99%
2001 Michael Schumacher
99%
2004 Michael Schumacher
99%
1988 Ayrton Senna
98%
1991 Ayrton Senna
98%
1992 Ayrton Senna
98%
2003 Fernando Alonso
98%
2006 Jenson Button
95%
2011 Jenson Button
95%
1999 Mika Hakkinen
94%
2000 Mika Hakkinen
94%
2005 Kimi Raikkonen
91%
2010 Mark Webber
90%
1989 Nigel Mansell
90%
1993 Damon Hill
89%
1995 Damon Hill
89%
1986 Nelson Piquet
86%
1987 Nelson Piquet
86%
1996 Jacques Villeneuve
85%
1997 Jacques Villeneuve
85%
2014 Daniel Ricciardo
83%
2002 Rubens Barrichello
81%
2008 Heikki Kovalainen
67%
1990 Thierry Boutsen
36%
No matching quizzes found
Score Distribution
Percent of People with Each Score
Percentile by Number Answered
Your Score History
You have not taken this quiz